|
|
|
|
| LEADER |
00000nas a2200000 a 4500 |
| 001 |
ssj0001560 |
| 003 |
WaSeSS |
| 005 |
20200512172242.0 |
| 006 |
m d |
| 007 |
cr n |
| 008 |
050614d19932013at mr pss 0 0eng c |
| 010 |
|
|
|a 2009247721
|
| 022 |
|
|
|y 1320-3185
|
| 035 |
|
|
|a (WaSeSS)ssj0001560
|
| 040 |
|
|
|a OCLCS
|b eng
|c OCLCS
|d GBT
|d OCLCQ
|d AU@
|d OCLCS
|d BUF
|d OCLCA
|d OCLCQ
|d SERSO
|d COO
|d OCLCO
|d OCLCQ
|d OCLCO
|d OCLCF
|d OCLCO
|d OCLCQ
|d DYJ
|d Z5A
|d OCLCO
|d XFH
|d OCLCO
|d WT2
|d WY@
|d OCLCO
|d OCLCQ
|d OCLCA
|d MOW
|d OCLCQ
|d TOF
|d UEJ
|d OCLCO
|d WYU
|d VT2
|d OCLCQ
|d OCLCO
|d OCLCA
|d WaSeSS
|
| 042 |
|
|
|a pcc
|
| 043 |
|
|
|a u-at---
|
| 050 |
|
4 |
|a RT15
|b .A982
|
| 060 |
0 |
0 |
|a W1
|b AU643BJ
|
| 082 |
0 |
4 |
|a 610.7305
|b qA938
|
| 245 |
0 |
4 |
|a The Australian nursing journal
|h [electronic resource] :
|b ANJ.
|
| 246 |
3 |
0 |
|a ANJ
|
| 260 |
|
|
|a North Fitzroy [Victoria] :
|b Federal Secretary of the Australian Nursing Federation
|
| 310 |
|
|
|a Monthly
|
| 362 |
1 |
|
|a Began with vol. 22, no. 11 (June 1993); v. designation restarted as v. 1, no. 1 (July 1993).
|
| 362 |
1 |
|
|a Print ceased with: Vol. 21, no. 2 (August 2013).
|
| 506 |
|
|
|a License restrictions may limit access.
|
| 538 |
|
|
|a Mode of access: World Wide Web.
|
| 588 |
0 |
|
|a V. 1, no. 1 (July 1993); title from PDF running title (EBSCOhost, viewed May 26, 2009).
|
| 588 |
1 |
|
|a V. 16, no. 9 (Apr. 2009) (viewed May 26, 2009).
|
| 650 |
|
0 |
|a Nursing
|v Periodicals.
|
| 650 |
|
0 |
|a Nursing
|z Australia
|v Periodicals.
|
| 650 |
|
2 |
|a Nursing.
|
| 650 |
|
7 |
|a Nursing.
|2 fast
|0 (OCoLC)fst01041731
|
| 651 |
|
2 |
|a Australia.
|
| 651 |
|
7 |
|a Australia.
|2 fast
|0 (OCoLC)fst01204543
|
| 655 |
|
0 |
|a Electronic journals.
|
| 710 |
2 |
|
|a Australian Nursing Federation.
|
| 776 |
0 |
8 |
|i Print version, June 1993:
|t Australian nursing journal (June 1993)
|w (DLC)sn 93033783
|w (OCoLC)28601392
|
| 776 |
0 |
8 |
|i Print version, July 1993-
|t Australian nursing journal (July 1993)
|x 1320-3185
|w (DLC)sn 93038573
|w (OCoLC)29369396
|
| 780 |
0 |
0 |
|t Australian nurses' journal
|
| 856 |
4 |
0 |
|z Full text available from Research Library: 02/01/1998 to 2013
|u https://search.proquest.com/publication/33490
|